Berühmte #2 Hits - Statistiken

Allgemein
  • Dieses Quiz wurde 77 mal gespielt
  • Das Durchschnittsergebnis liegt bei 6 aus 30
Antwortstatistiken
Jahr Künstler Song % Korrekt
1991 Nirvana Smells Like Teen Spirit
56%
1970 The Beatles Let it Be
54%
1994 The Kelly Family An Angel
46%
1977 Bee Gees Stayin’ Alive
44%
1997 Backstreet Boys Everybody (Backstreet’s Back)
31%
1999 Metallica Nothing Else Matters
28%
2001 Robbie Williams & Nicole Kidman Somethin’ Stupid
28%
2011 Maroon 5 & Christina Aguilera Moves like Jagger
26%
2002 Eminem Lose Yourself
25%
1990 Depeche Mode Enjoy the Silence
24%
2013 Katy Perry Roar
24%
1985 Pet Shop Boys West End Girls
24%
1989 Madonna Like A Prayer
22%
1984 Queen Radio Gaga
22%
1983 David Bowie Let's Dance
21%
2000 Britney Spears Oops! … I Did It Again
21%
1973 The Rolling Stones Angie
19%
1970 The Kinks Lola
19%
2009 David Guetta & Kelly Rowland When Love Takes Over
16%
1991 Michael Jackson Black or White
15%
2017 Ed Sheeran Castle on the Hill
13%
2010 Lady Gaga Alejandro
9%
2010 Bruno Mars Just the Way You Are
9%
2007 Nelly Furtado Say It Right
9%
2001 Pink Get the Party Started
7%
2013 Justin Timberlake Mirrors
7%
1992 Roxette How Do You Do!
6%
2009 Shakira She Wolf
6%
1999 Whitney Houston My Love Is Your Love
4%
2010 Rihanna Only Girl (In the World)
4%
Keine übereinstimmenden Quizze gefunden
Verteilung der Resultate
Anzahl Personen mit jedem Resultat
Perzentil nach korrekt beantworteten Fragen
Ihre Resultats-Entwicklung
Sie haben dieses Quiz noch nicht gespielt